[Event "14th Poti Open-A 2019"]
[Site "Poti"]
[Date "2019.07.17"]
[Round "6.15"]
[White "Tereladze, Sopiko"]
[Black "Eynullayev, Atilla"]
[Result "0-1"]
[WhiteElo "2144"]
[BlackElo "2228"]
[Annotator "TA"]
[PlyCount "66"]
[EventDate "2019.07.13"]
[EventType "swiss"]
[EventCountry "GEO"]
[SourceTitle "playchess.com"]
[Source "ChessBase"]
[SourceQuality "1"]

{[%evp 9,66,0,8,0,0,0,0,0,0,0,0,0,0,0,0,0,0,-23,0,-16,0,-51,-34,-52,-38,-96,-96,-97,-96,-91,-81,-54,-20,0,0,0,0,-45,-47,-105,-101,-142,-83,-110,-86,-1425,-1357,-1409,-857,-1422,-1366,-1251,-1190,-29983,-537,-6354,-6099,-4134,-504]} 1. e4 c5 2. Nc3 d6 3. d4 cxd4 4. Qxd4 Nc6 5. Qd2 g6 $146 (5... Nf6 6. b3 e6 7. Bb2 d5 8. exd5 exd5 9. O-O-O Be6 10. a3 Bc5 11. Nf3 {½-½ (49) Caruana,F (2819)-Vachier Lagrave,M (2773) Karlsruhe/Baden Baden 2019}) 6. b3 {B23: Closed Sicilian: Lines without g3} Bh6 7. f4 Nf6 8. Bb2 {The position is equal.} e5 9. g3 exf4 10. gxf4 Nh5 11. Nd5 O-O $36 {[%mdl 2048] Hoping for ...Be6. Black has good play.} 12. O-O-O $1 Be6 {Strongly threatening ...Bxd5.} 13. Ne2 {And now Ng3 would win.} Qh4 14. Kb1 Bxd5 $1 15. Qxd5 ({White should play} 15. exd5 $11 Ne7 16. Bg2) 15... Nxf4 $15 16. Nxf4 Bxf4 17. Bb5 {[#]} (17. Ba6 $15) 17... Rac8 $1 $17 18. Rdf1 Be5 19. Bxe5 dxe5 20. Qd7 Qd8 (20... Nd4 $5 21. Bd3 $8 Qd8 22. Qxb7 Rc7 $11) 21. Bxc6 $1 bxc6 {[%cal Bb7c6,Bc6c5,Bc5c4,Bc4b3,Bb3c2][%mdl 32]} 22. Qxa7 c5 23. Rd1 Qh4 24. Rhf1 (24. Qb7 $15) 24... c4 ({Reject} 24... Qxh2 $6 25. Rd7 $11) 25. Qf2 Qe7 (25... Qxe4 $142 26. Qe1 Qxe1 27. Rfxe1 cxb3 28. cxb3 Rce8) 26. Qf6 Qa3 27. Qg5 $2 {[%mdl 8192]} (27. Qd6 $17 Rc5 28. Rf3) 27... Ra8 $19 {( -> ...c3)} 28. Qxe5 Qxa2+ 29. Kc1 cxb3 {[%csl Gb3][%cal Ra2c2]} 30. Qb2 bxc2 31. Rde1 Rfc8 (31... Qa5 $142 32. Re3 Rfd8 33. Rf2 {[#]} Qg5 $1 {[%mdl 512]} 34. Rfe2 Qg1+ 35. Re1 Rd1+ {[%mdl 64] Double Attack} 36. Kxc2 Rxe1 37. Rxe1 Qf2+ 38. Kc3 Rc8+ 39. Kb3 Rb8+ {[%mdl 64] Skewer} 40. Kc4 Qxb2 41. Rd1 Rc8+ 42. Kd3 Rc3+ 43. Kd4 Qb4+ 44. Ke5 Qe7+ 45. Kf4 Qf6+ 46. Kg4 h5#) 32. e5 Qxb2+ 33. Kxb2 Rab8+ {Accuracy: White = 38%, Black = 72%.} (33... Ra7 $142 34. Kc1 Ra2) 0-1

[Event "14th Poti Open-A 2019"]
[Site "Poti"]
[Date "2019.07.17"]
[Round "6.16"]
[White "Yeritsyan, Hayk"]
[Black "Azaryan, Tigran"]
[Result "1/2-1/2"]
[WhiteElo "2210"]
[BlackElo "2064"]
[Annotator "TA"]
[PlyCount "83"]
[EventDate "2019.07.13"]
[EventType "swiss"]
[EventCountry "GEO"]
[SourceTitle "playchess.com"]
[Source "ChessBase"]
[SourceQuality "1"]

{[%evp 19,83,23,29,31,61,59,65,63,70,39,59,65,85,83,205,223,202,188,279,257,275,283,607,581,991,978,1079,623,635,630,579,518,854,859,764,537,520,299,302,304,267,110,110,110,110,110,135,-13,-15,-79,-78,-268,-264,-424,-424,-735,-714,-29964,0,0,0,0,0,0,0,0]} 1. d4 Nf6 2. c4 g6 3. Nc3 d5 4. cxd5 Nxd5 5. e4 Nxc3 6. bxc3 Bg7 7. Bc4 c5 8. Ne2 Nc6 9. Be3 O-O 10. Rc1 Qc7 11. h4 {D87: Exchange Grünfeld: Classical Line: Variations without ...cxd4} Na5 (11... Rd8 12. h5 b5 13. Bd5 e6 14. Bxc6 Qxc6 15. hxg6 fxg6 16. f3 a5 17. Kf2 Ba6 18. Qg1 b4 {0-1 (45) Fedoseev,V (2664)-Wei,Y (2724) Ningbo 2015}) 12. Bd3 e5 13. h5 {White is slightly better.} Qe7 $146 ({Predecessor:} 13... c4 14. Bb1 Rd8 15. Qd2 b5 16. hxg6 hxg6 17. f4 Nc6 18. fxe5 Nxe5 {1-0 (44) Addison,B (2244)-Sen,S (2050) Liverpool 2008}) 14. hxg6 (14. dxc5 $6 Rd8 $11) 14... hxg6 15. Qd2 ({Much weaker is} 15. dxc5 Rd8 $11) 15... b6 16. Bh6 f5 (16... f6 $16) 17. Bxg7 $18 Qxg7 18. dxe5 Qxe5 (18... fxe4 $142 19. Bxe4 Bb7 20. Bxb7 Nxb7) 19. Qg5 $1 {aiming for Rh6.} ({Less strong is} 19. Qh6 Qg7 $16) 19... Qf6 20. Qg3 $1 (20. Qh6 Qg7 $16) 20... c4 $2 (20... Rf7 21. Rh6 f4 22. Rxg6+ Kf8) 21. Rh6 Kg7 22. e5 Qe6 {[#]} 23. Nf4 $1 {[%mdl 576] Double Attack} Kxh6 24. Nxe6 Bxe6 25. Be2 Rae8 (25... Rf7 $142 26. Kd2 Rg8 27. Rh1+ Kg7) 26. f4 Kg7 27. Kf2 Nb7 28. Qh4 {Threatening mate with Rh1.} Nc5 29. Rh1 {[%csl Gh1][%cal Rh4h7]} Ne4+ 30. Ke3 (30. Kg1 $1 $18 {[%csl Gh1][%cal Rh4h7] is the precise move to win.} Rh8 31. Qe1) 30... Rh8 $16 31. Qe1 Rxh1 32. Qxh1 Nxc3 {[#]} 33. Qc1 (33. Bxc4 $1 $16 {[%mdl 512]} Bxc4 34. Kd4 {[%mdl 64] Double Attack}) 33... Nd5+ $11 34. Kf2 {[#]} (34. Kf3 $11 {remains equal.}) 34... Rc8 $1 $17 {...c3 is the strong threat.} 35. Bf3 $2 (35. Bd1 $17) 35... c3 $19 {Threatens to win with ...Nb4.} 36. Bxd5 $2 (36. Bd1 {was the only defense.} c2 37. Bxc2) 36... Bxd5 {[%mdl 4096] Endgame KQ-KRB} 37. Qa3 (37. g4 $142 fxg4 38. Qc2) 37... c2 38. Qe7+ {[#]} Kg8 $2 (38... Bf7 $1 {mates} 39. Qf6+ Kg8 40. e6 Be8 41. Qa1 c1=Q 42. Qxc1 Rxc1 43. Kf3 Rc3+ 44. Ke2 Ra3 45. g3 a5 46. Kf2 Rxa2+ 47. Kf3 a4 48. g4 Bc6+ 49. Ke3 fxg4 50. Kd4 g3 51. Ke5 Re2+ 52. Kd6 a3 53. f5 g2 54. f6 g1=Q 55. f7+ Kf8 56. Kxc6 Rxe6+ 57. Kb7 Qf1 58. Ka7 Qxf7+ 59. Ka6 Rc6 60. Kb5 Qc4#) 39. e6 $1 $11 {The position is equal.} c1=Q 40. Qf7+ $1 {[%mdl 64] [#] Double Attack} Kh8 $1 41. Qf6+ {[#]} Kh7 $1 {( -> ...Qd2+)} 42. Qe7+ {[%mdl 64] Double Attack. Accuracy: White = 47%, Black = 31%.} 1/2-1/2

[Event "14th Poti Open-A 2019"]
[Site "Poti"]
[Date "2019.07.17"]
[Round "6.17"]
[White "Qalichava, Akaki"]
[Black "Manukyan, Aleks"]
[Result "1/2-1/2"]
[WhiteElo "1808"]
[BlackElo "2097"]
[Annotator "NA"]
[PlyCount "30"]
[EventDate "2019.07.13"]
[EventType "swiss"]
[EventCountry "GEO"]
[SourceTitle "playchess.com"]
[Source "ChessBase"]
[SourceQuality "1"]
[TimeControl "40/5400+30:1800+30"]

1. e4 {[%emt 0:00:00]} e6 {[%emt 0:00:00]} 2. d4 {[%emt 0:00:00]} d5 {[%emt 0:00:00]} 3. Nd2 {[%emt 0:00:00]} Nc6 {[%emt 0:00:26]} 4. Ngf3 {[%emt 0:00:00]} Nf6 {[%emt 0:00:33]} 5. e5 {[%emt 0:00:00]} Nd7 {[%emt 0:00:07]} 6. c3 {[%emt 0:00:00]} f6 {[%emt 0:00:10]} 7. exf6 {[%emt 0:00:04]} Qxf6 {[%emt 0:00:10]} 8. Bb5 {[%emt 0:00:10]} Bd6 {[%emt 0:00:43]} 9. O-O {[%emt 0:00:12]} O-O {[%emt 0:00:21]} 10. Re1 {[%emt 0:00:30]} a6 {[%emt 0:01:25]} 11. Bxc6 {[%emt 0:00:08]} bxc6 {[%emt 0:00:01]} 12. Qe2 {[%emt 0:00:13]} Nb6 {[%emt 0:07:26]} 13. Nf1 {[%emt 0:11:25]} a5 $11 {[%emt 0:03:03]} 14. Bg5 {[%emt 0:02:26]} Qg6 {[%emt 0:01:48]} 15. Bh4 {[%emt 0:00:53]} a4 {[%emt 0:02:12]} 1/2-1/2

[Event "14th Poti Open-A 2019"]
[Site "Poti"]
[Date "2019.07.17"]
[Round "6.18"]
[White "Pluzyan, Aram"]
[Black "Mindiashvili, Tengiz"]
[Result "0-1"]
[WhiteElo "2087"]
[BlackElo "1862"]
[Annotator "NA"]
[PlyCount "71"]
[EventDate "2019.07.13"]
[EventType "swiss"]
[EventCountry "GEO"]
[SourceTitle "playchess.com"]
[Source "ChessBase"]
[SourceQuality "1"]
[TimeControl "40/5400+30:1800+30"]

1. d4 {[%emt 0:00:00]} Nf6 {[%emt 0:00:00]} 2. c4 {[%emt 0:00:00]} e6 {[%emt 0:00:13]} 3. Nc3 {[%emt 0:02:46]} Bb4 {[%emt 0:00:24]} 4. Qc2 {[%emt 0:03:33]} O-O {[%emt 0:00:20]} 5. e4 {[%emt 0:02:41]} Bxc3+ {[%emt 0:01:09]} 6. bxc3 {[%emt 0:00:05]} d6 {[%emt 0:00:12] E32: Nimzo-Indian: Classical (4 Qc2): 4...0-0} 7. Bg5 {[%emt 0:07:58]} (7. Bd3 Nbd7 8. f4 e5 9. Nf3 Re8 10. O-O h6 11. c5 exd4 12. cxd6 cxd6 13. cxd4 Nb6 14. e5 {1-0 (41) Bromberger,S (2500)-Braun,A (2567) Austria 2014}) 7... h6 {[%emt 0:04:51]} 8. Bh4 {[%emt 0:00:25]} e5 {[%emt 0:00:11]} 9. Bd3 {[%emt 0:01:04]} Re8 $146 {[%emt 0:01:12]} ({Predecessor:} 9... Bg4 10. h3 Bh5 11. g4 Bg6 12. Rb1 b6 13. Ne2 Bh7 14. g5 {1-0 (44) Henkel,P (1817)-Tortoza,C (1656) Remote email 2013}) 10. Ne2 {[%emt 0:02:06]} Nbd7 {[%emt 0:01:35]} 11. f3 {[%emt 0:03:02]} Nf8 {[%emt 0:02:17]} 12. d5 {[%emt 0:03:51]} Ng6 {[%emt 0:01:36]} 13. Bf2 {[%emt 0:00:31]} b6 {[%emt 0:02:41]} 14. g4 {[%emt 0:02:50]} Nd7 {[%emt 0:03:43]} 15. h4 {[%emt 0:11:48]} Nc5 {[%emt 0:08:18]} 16. Kd2 {[%emt 0:09:35]} c6 {[%emt 0:03:56]} 17. Rag1 {[%emt 0:02:35]} Nxd3 {[%emt 0:04:49]} 18. Qxd3 {[%emt 0:02:52] [#]} b5 $1 {[%emt 0:05:09]} 19. cxb5 {[%emt 0:05:52]} cxd5 {[%emt 0:00:23]} 20. h5 {[%emt 0:05:04]} dxe4 {[%emt 0:02:17]} 21. Qxe4 {[%emt 0:08:23]} d5 {[%emt 0:01:07]} 22. Qb4 {[%emt 0:00:44]} a5 {[%emt 0:09:00]} 23. Qb1 {[%emt 0:04:42]} Nf4 {[%emt 0:01:37]} 24. Nxf4 {[%emt 0:02:46]} Qg5 {[%emt 0:01:26]} 25. Be3 {[%emt 0:01:48]} d4 {[%emt 0:00:24]} 26. Qe4 $19 {[%emt 0:05:58]} dxe3+ {[%emt 0:00:43]} 27. Ke2 {[%emt 0:00:07]} Qxf4 {[%emt 0:12:46]} 28. Qxa8 {[%emt 0:00:04]} e4 {[%emt 0:00:09]} 29. Rf1 {[%emt 0:09:16]} Bd7 {[%emt 0:00:38]} 30. Qd5 {[%emt 0:01:07]} exf3+ {[%emt 0:00:35]} 31. Rxf3 {[%emt 0:00:16]} Bxg4 {[%emt 0:00:20]} 32. Rhf1 {[%emt 0:01:09]} Qh2+ {[%emt 0:00:48]} 33. Ke1 {[%emt 0:00:06]} Bxf3 {[%emt 0:01:25]} 34. Rxf3 {[%emt 0:00:01]} Qh4+ {[%emt 0:00:32]} 35. Ke2 {[%emt 0:00:10]} Qh2+ {[%emt 0:00:19]} 36. Ke1 {[%emt 0:00:00]} 0-1

[Event "14th Poti Open-A 2019"]
[Site "Poti"]
[Date "2019.07.17"]
[Round "6.19"]
[White "Virabyan, Gor"]
[Black "Kukhaleishvili, Giorgi"]
[Result "1-0"]
[WhiteElo "2048"]
[BlackElo "1839"]
[Annotator "NA"]
[PlyCount "93"]
[EventDate "2019.07.13"]
[EventType "swiss"]
[EventCountry "GEO"]
[SourceTitle "playchess.com"]
[Source "ChessBase"]
[SourceQuality "1"]
[TimeControl "40/5400+30:1800+30"]

1. d4 Nf6 2. c4 g6 3. Nc3 Bg7 4. e4 d6 5. f3 O-O 6. Bg5 c5 7. d5 a6 8. a4 e6 9. Qd2 Qa5 10. h4 {E81: King's Indian: Sämisch: 6th move deviations (including 6 Be3 c6)} (10. Ra3 exd5 11. cxd5 Nbd7 12. Nh3 Ne5 13. Nf2 Bd7 14. Be2 Qb4 15. O-O b5 16. axb5 axb5 17. Nxb5 Bxb5 18. Qxb4 cxb4 19. Rxa8 Bxe2 20. Rxf8+ Kxf8 21. Ra1 {0-1 (35) Ibrahim,H (2337)-Vovk,Y (2595) Beirut 2016}) 10... exd5 11. cxd5 h5 $146 ({Predecessor:} 11... b5 12. h5 Nxh5 13. Be7 Re8 14. Bxd6 f5 15. Bd3 c4 16. Bc2 Qb6 17. Bh2 b4 18. Nd1 fxe4 19. fxe4 Bf5 20. Ne2 Bxe4 21. Bxe4 Rxe4 22. d6 Qc5 23. d7 Nxd7 {0-1 (23) Olsson,L (2415)-Cutillas Ripoll,P (2465) ICCF corr 1994}) 12. Bf4 Rd8 13. Ra3 Qc7 14. Be2 Nbd7 15. Nh3 Ne5 16. Nf2 Bd7 17. O-O Re8 18. Bh6 c4 19. Bxg7 Kxg7 20. Rc1 b5 21. b4 Qb6 22. a5 Qd8 23. Ncd1 Nh7 24. Qf4 Rc8 ({Black should play} 24... f5 $15) 25. Ne3 Qf6 26. Qg3 $11 Rc7 27. Rac3 Bc8 28. f4 Ng4 29. Bxg4 hxg4 30. Nexg4 Bxg4 31. Qxg4 Rce7 32. e5 dxe5 33. Ne4 Qxf4 34. Qxf4 exf4 35. Nc5 Nf6 36. d6 Ra7 37. Rd1 Nd7 38. Rf3 Rc8 39. Rxf4 Rxc5 40. bxc5 Nxc5 41. Rd5 Nd7 42. h5 c3 43. Rd3 gxh5 44. Rxc3 Ne5 45. Rc7 Ra8 46. Rf5 Re8 47. d7 1-0

[Event "14th Poti Open-A 2019"]
[Site "Poti"]
[Date "2019.07.17"]
[Round "6.20"]
[White "Manukyan, Sevak N."]
[Black "Licheli, Luka"]
[Result "0-1"]
[WhiteElo "1830"]
[BlackElo "2046"]
[Annotator "NA"]
[PlyCount "44"]
[EventDate "2019.07.13"]
[EventType "swiss"]
[EventCountry "GEO"]
[SourceTitle "playchess.com"]
[Source "ChessBase"]
[SourceQuality "1"]
[TimeControl "40/5400+30:1800+30"]

1. d4 {[%emt 0:17:57]} Nf6 {[%emt 0:00:00]} 2. c4 {[%emt 0:00:04]} e6 {[%emt 0:00:00]} 3. Nc3 {[%emt 0:00:04]} Bb4 {[%emt 0:00:00]} 4. e3 {[%emt 0:00:05]} c5 {[%emt 0:00:12]} 5. Nge2 {[%emt 0:00:04]} cxd4 {[%emt 0:01:19]} 6. exd4 {[%emt 0:00:21]} d5 {[%emt 0:02:07]} 7. a3 {[%emt 0:01:07]} Be7 {[%emt 0:02:34]} 8. Nf4 {[%emt 0:00:23]} Nc6 {[%emt 0:19:31]} 9. cxd5 {[%emt 0:01:02]} Nxd5 {[%emt 0:00:06]} 10. Ncxd5 {[%emt 0:03:04]} exd5 {[%emt 0:01:16]} 11. Be3 {[%emt 0:03:44]} Bg5 {[%emt 0:06:59]} 12. Qd2 {[%emt 0:19:14]} O-O {[%emt 0:17:49]} 13. Be2 {[%emt 0:18:08]} Re8 {[%emt 0:05:54]} 14. O-O {[%emt 0:07:46]} Bxf4 {[%emt 0:09:50]} 15. Bxf4 {[%emt 0:00:10]} Nxd4 {[%emt 0:02:09]} 16. Qxd4 {[%emt 0:00:21]} Rxe2 {[%emt 0:00:02]} 17. Rfe1 {[%emt 0:03:03]} Rxe1+ {[%emt 0:03:17]} 18. Rxe1 $11 {[%emt 0:01:05]} Be6 {[%emt 0:00:03]} 19. Be5 {[%emt 0:01:49]} Qf8 {[%emt 0:12:54]} 20. Re3 {[%emt 0:00:39]} Kh8 {[%emt 0:04:43]} 21. h4 {[%emt 0:01:12]} h6 {[%emt 0:05:30]} 22. h5 {[%emt 0:02:04]} b6 {[%emt 0:01:59]} 0-1

[Event "14th Poti Open-A 2019"]
[Site "Poti"]
[Date "2019.07.17"]
[Round "6.21"]
[White "Bechvaia, Gabriel"]
[Black "Naqopia, Giorgi"]
[Result "1/2-1/2"]
[WhiteElo "1793"]
[BlackElo "1680"]
[Annotator "NA"]
[PlyCount "39"]
[EventDate "2019.07.13"]
[EventType "swiss"]
[EventCountry "GEO"]
[SourceTitle "playchess.com"]
[Source "ChessBase"]
[SourceQuality "1"]
[TimeControl "40/5400+30:1800+30"]

1. d4 {[%emt 0:00:00]} Nf6 {[%emt 0:00:00]} 2. c4 {[%emt 0:00:00]} e5 {[%emt 0:00:00]} 3. d5 {[%emt 0:04:38]} d6 {[%emt 0:04:15]} 4. Qc2 {[%emt 0:03:20]} e4 {[%emt 0:02:46]} 5. Bg5 {[%emt 0:04:17]} Bf5 {[%emt 0:00:36]} 6. Nc3 {[%emt 0:10:18]} Nbd7 {[%emt 0:00:22]} 7. Nf3 {[%emt 0:06:04]} Bg6 {[%emt 0:01:11]} 8. Nh4 {[%emt 0:01:22]} e3 {[%emt 0:00:39]} 9. Nxg6 {[%emt 0:12:23]} exf2+ {[%emt 0:00:10]} 10. Kd2 {[%emt 0:00:14]} fxg6 {[%emt 0:03:31]} 11. Rd1 {[%emt 0:01:46]} Be7 {[%emt 0:00:03]} 12. Bxf6 {[%emt 0:02:10]} Bxf6 {[%emt 0:00:50]} 13. Kc1 {[%emt 0:00:09]} Bxc3 {[%emt 0:00:23]} 14. Qxc3 {[%emt 0:00:34]} O-O {[%emt 0:00:06]} 15. g3 {[%emt 0:03:33]} Qe7 {[%emt 0:02:54]} 16. Qc2 {[%emt 0:09:42]} Qe3+ {[%emt 0:02:04]} 17. Kb1 {[%emt 0:00:28]} a5 {[%emt 0:00:33]} 18. Bh3 {[%emt 0:01:55]} Nc5 {[%emt 0:01:32]} 19. Bg4 {[%emt 0:01:14]} Rae8 {[%emt 0:02:17]} 20. Rhf1 {[%emt 0:01:16]} 1/2-1/2

[Event "14th Poti Open-A 2019"]
[Site "Poti"]
[Date "2019.07.17"]
[Round "6.22"]
[White "Mchedlishvili, Ramaz"]
[Black "Khukhunaishvili, Tariel"]
[Result "1-0"]
[WhiteElo "1441"]
[BlackElo "1722"]
[Annotator "NA"]
[PlyCount "90"]
[EventDate "2019.07.13"]
[EventType "swiss"]
[EventCountry "GEO"]
[SourceTitle "playchess.com"]
[Source "ChessBase"]
[SourceQuality "1"]
[TimeControl "40/5400+30:1800+30"]

1. b3 {[%emt 0:00:00]} Nf6 {[%emt 0:00:00]} 2. Bb2 {[%emt 0:00:00]} g6 {[%emt 0:00:00]} 3. Bxf6 {[%emt 0:00:00]} exf6 {[%emt 0:00:00]} 4. c4 {[%emt 0:00:04]} Bg7 {[%emt 0:00:00]} 5. Nc3 {[%emt 0:00:04]} O-O {[%emt 0:00:23]} 6. g3 {[%emt 0:00:20]} d6 {[%emt 0:02:56]} 7. Bg2 {[%emt 0:00:13]} f5 {[%emt 0:02:04]} 8. Rc1 {[%emt 0:01:44]} Nc6 {[%emt 0:00:25]} 9. e3 {[%emt 0:04:38]} Re8 {[%emt 0:00:32]} 10. Nge2 {[%emt 0:00:54]} Ne5 {[%emt 0:03:34]} 11. d4 {[%emt 0:00:37]} Ng4 {[%emt 0:00:14]} 12. O-O {[%emt 0:01:33]} c6 {[%emt 0:02:17]} 13. b4 {[%emt 0:06:56]} a6 {[%emt 0:04:11]} 14. Qb3 {[%emt 0:05:03]} Nf6 {[%emt 0:03:36]} 15. b5 {[%emt 0:10:34]} Ne4 {[%emt 0:02:14]} 16. Qc2 {[%emt 0:04:41]} axb5 {[%emt 0:10:56]} 17. cxb5 {[%emt 0:10:23]} Nxc3 {[%emt 0:06:27]} 18. Nxc3 {[%emt 0:00:20]} d5 {[%emt 0:00:52]} 19. a4 {[%emt 0:05:36]} Bf8 {[%emt 0:02:20]} 20. Qb3 {[%emt 0:03:44]} Qa5 {[%emt 0:03:33]} 21. Rb1 {[%emt 0:01:44]} Be6 {[%emt 0:03:35]} 22. Rfc1 {[%emt 0:01:40]} Bd6 {[%emt 0:05:41]} 23. bxc6 {[%emt 0:07:59]} bxc6 {[%emt 0:00:20]} 24. Qb6 {[%emt 0:00:37]} Ba3 {[%emt 0:09:49]} 25. Qxa5 {[%emt 0:00:37]} Rxa5 {[%emt 0:00:02]} 26. Rc2 {[%emt 0:01:29]} Rea8 {[%emt 0:04:44]} 27. h4 {[%emt 0:02:45]} Be7 {[%emt 0:01:22]} 28. Rb7 {[%emt 0:01:26]} Kf8 {[%emt 0:01:16]} 29. Rcb2 {[%emt 0:03:40]} Ke8 {[%emt 0:02:16]} 30. Bf1 {[%emt 0:01:13]} Kd8 {[%emt 0:01:38]} 31. Bd3 {[%emt 0:01:18]} R5a7 {[%emt 0:01:26]} 32. R7b6 {[%emt 0:01:18]} Bd7 {[%emt 0:01:03]} 33. Bc2 Ba3 {[%emt 0:01:23]} 34. Rb1 {[%emt 0:01:56]} Kc8 {[%emt 0:00:41]} 35. Ne2 {[%emt 0:02:32]} Bd6 {[%emt 0:00:32]} 36. Nf4 {[%emt 0:00:28]} Bc7 {[%emt 0:00:28]} 37. R6b2 {[%emt 0:00:25]} Rb8 {[%emt 0:00:20]} 38. Rxb8+ {[%emt 0:01:25]} Bxb8 {[%emt 0:00:01]} 39. Nd3 {[%emt 0:00:10]} Bd6 {[%emt 0:00:25]} 40. Kf1 {[%emt 0:01:01]} Kc7 {[%emt 0:01:54]} 41. Ke2 {[%emt 0:30:28]} Bc8 {[%emt 0:30:23]} 42. Kd2 {[%emt 0:01:03]} Ba6 {[%emt 0:00:23]} 43. Nc5 {[%emt 0:02:05]} Bxc5 44. dxc5 {[%emt 0:00:01]} Ra8 {[%emt 0:05:20]} 45. Kc3 {[%emt 0:00:31]} Be2 {[%emt 0:00:30]} 1-0

[Event "14th Poti Open-A 2019"]
[Site "Poti"]
[Date "2019.07.17"]
[Round "6.23"]
[White "Nurijanyan, Alex"]
[Black "Kvartskhava, Tsotne"]
[Result "1-0"]
[WhiteElo "1610"]
[BlackElo "1719"]
[Annotator "NA"]
[PlyCount "21"]
[EventDate "2019.07.13"]
[EventType "swiss"]
[EventCountry "GEO"]
[SourceTitle "playchess.com"]
[Source "ChessBase"]
[SourceQuality "1"]
[TimeControl "40/5400+30:1800+30"]

1. e4 {[%emt 0:00:00]} e6 {[%emt 0:00:00]} 2. d4 {[%emt 0:00:00]} d5 {[%emt 0:00:00]} 3. Bd3 {[%emt 0:00:00]} c5 {[%emt 0:00:08]} 4. exd5 {[%emt 0:00:00]} exd5 {[%emt 0:00:07]} 5. Qe2+ {[%emt 0:01:12]} Be6 {[%emt 0:02:45]} 6. dxc5 {[%emt 0:00:31]} Bxc5 {[%emt 0:01:17]} 7. Nc3 {[%emt 0:00:06]} Nc6 {[%emt 0:04:58]} 8. Nf3 {[%emt 0:00:05]} Qd7 {[%emt 0:06:49]} 9. O-O {[%emt 0:00:59]} Nf6 {[%emt 0:05:51]} 10. Bg5 {[%emt 0:01:14]} Be7 {[%emt 0:02:13]} 11. Rad1 {[%emt 0:00:49]} 1-0

[Event "14th Poti Open-A 2019"]
[Site "Poti"]
[Date "2019.07.17"]
[Round "6.24"]
[White "Mikayelyan, Mikael"]
[Black "Kupatadze, Tornike"]
[Result "1-0"]
[WhiteElo "1736"]
[BlackElo "1526"]
[Annotator "NA"]
[PlyCount "24"]
[EventDate "2019.07.13"]
[EventType "swiss"]
[EventCountry "GEO"]
[SourceTitle "playchess.com"]
[Source "ChessBase"]
[SourceQuality "1"]
[TimeControl "40/5400+30:1800+30"]

1. d4 {[%emt 0:00:00]} g6 {[%emt 0:00:00]} 2. c4 {[%emt 0:00:00]} Bg7 {[%emt 0:00:00]} 3. Nc3 {[%emt 0:00:00]} d6 {[%emt 0:00:00]} 4. e4 {[%emt 0:00:02]} Nc6 {[%emt 0:00:00]} 5. Be3 {[%emt 0:00:17]} e5 {[%emt 0:00:00]} 6. Nge2 {[%emt 0:01:08]} f5 {[%emt 0:00:19]} 7. f3 {[%emt 0:03:09]} fxe4 {[%emt 0:01:20]} 8. Nxe4 {[%emt 0:01:57]} Bf5 {[%emt 0:01:39]} 9. N4g3 {[%emt 0:05:42]} Nh6 {[%emt 0:04:07]} 10. Qd2 {[%emt 0:02:42]} Nf7 {[%emt 0:00:42]} 11. d5 {[%emt 0:00:25]} Ne7 {[%emt 0:00:35]} 12. Nc3 {[%emt 0:00:17]} c6 {[%emt 0:02:11]} 1-0